000 01008nam a2200301 a 4500
001 000038067
003 DO-SdBPM
005 20260320130004.0
007 ta
008 130312s2012 dr 001 f spa d
020 _a9789945489446
040 _aDO-SdBPM
_bspa
_cBPMSU
_erda
082 0 4 _aRD863.44
_bO96c 2012
_222
100 1 _aOviedo, Luis Tomás,
_d1952-
_eautor
_4aut.
245 1 0 _aCoraje, salitre y gloria /
_cLuis Tomás Oviedo.
264 _aSanto Domingo :
_bSantuario,
_c2012.
300 _a299 páginas ;
_c24 cm.
336 _atexto
_btxt
_2rdacontent
337 _asin mediación
_bn
_2rdamedia
338 _avolumen
_bnc
_2rdacarrier
500 _aIncluye datos biográficos del autor en la solapa de la cubierta.
590 _aInventariado, 2026/VM
650 7 _aNovela histórica dominicana.
650 7 _aLiteratura dominicana.
651 4 _aRepública Dominicana
_xHistoria
_yEra de Trujillo, 1930-1961
_xNovela
910 _aVMateo V. Control de calidad. BPMSU
942 _2ddc
_cBK
999 _c13716
_d13716